عرض عادي
عرض مارك
- Debts, Public
مدخل مصطلح موضوعي
001 - رقم الضبط
- حقل الضبط: 17734
003 - معرف رقم الضبط
- حقل الضبط: OSt
005 - تاريخ ووقت أخر عملية
- حقل الضبط: 20121129222342.0
008 - عناصر بيانات ثابتة الطول
- حقل تحكم ثابت الطول: 121129|||a|||||| | ||| d
040 ## - مصدر الفهرسة
- هيئة الفهرسة الأصلية: OSt
- وكالة الكتابة: OSt
150 ## - مدخل-- مصطلح تاريخي
- عنصر مدخل المصطلح الموضوعي او الاسم الجغرافي: Debts, Public
- تفريع جغرافي: Italy
- تفريع عام: History
- تفريع عام: Congresses.
670 ## - بيانات المصدر موجوده
- الاستشهاد بالمصدر: Work cat.: (OSt)0: Public debt management :, 1990.
